00351nam a2200133Ia 4500008004100000041000800041082001600049100002800065245002100093250001600114260003900130300001400169500003400183220530s9999 xx 000 0 und d aeng a491.46bDHA aDharmradhikari, Avinash aSwatantra Nagrik a1st Edition aPunebChanakya Mandal Priwarc2014 a304P.bPB aChanakya Mandal Pariwar, Pune